000 00699nam a2200229Ia 4500
001 16879
003 GE_BSU
008 181216s||||||||xx |||||||||||||| ||und||
040 _cGE_BSU
080 _a821.353.1-1
100 _aბაზაძე, ირაკლი
245 _aკაქტუსი ფანჯრის რაფაზე
245 _bლექსები
245 _cრედ. მ. სანადირაძე
260 _aთბილისი
260 _bმერანი
260 _c1986
300 _a109გვ. ; 15სმ
653 _aკაქტუსი ფანჯრის რაფაზე
653 _aლექსები
942 _cBK
999 _c49943
_d49943